Firmy według miejscowości w Polsce #4 - Statystyki

Ogólne statystyki
  • Ten quiz został rozwiązany 12 razy
  • Średni wynik to 4 z 8
Statystyki odpowiedzi
Firma Miejscowość % Poprawnych
OTCF Kraków
89%
Hortex Warszawa
89%
Kolej Bałtycka Szczecin
78%
Ustronianka Ustroń
78%
Frosta Bydgoszcz
44%
Cisowianka Drzewce
22%
Euronaft Trzebinia
22%
Tarczyński Ujeździec Mały
11%
Nie znaleziono quizów pasujących do podanych kryteriów
Rozkład punktacji
Procent ludzi z każdym wynikiem
Percentyl według liczby udzielonych odpowiedzi
Twoja historia wyników
Nie rozwiązałeś tego quizu